LEADER 01301nam2-2200373---450- 001 990003115630203316 005 20080930095304.0 010 $a978-3-540-77644-4 035 $a000311563 035 $aUSA01000311563 035 $a(ALEPH)000311563USA01 035 $a000311563 100 $a20080606d2008----km-y0itay50------ba 101 $aeng 102 $aDE 105 $ay---||||001yy 200 1 $aNonlinear andoptimal control theory$electures given at the C.I.M.E. summer school held in Cetraro, Italy June 19-29, 2004$fAndrei A. Agrachev... [et al.]$geditors: Paolo Nistri, Gianna Stefani 210 $aBerlin [etc.]$cSpringer$dcopyr. 2008 215 $aXIII, 351 p.$d24 cm 225 2 $aLecture notes in mathematics$v1932 410 0$12001$aLecture notes in mathematics 461 1$1001000315290$12001$aLecture notes in mathematics 606 0 $aControlli automatici$xCongressi$yCetraro$z2004 676 $a629.83 701 1$aAGRACHEV,$bAndrei A.$0472521 801 0$aIT$bsalbc$gISBD 912 $a990003115630203316 951 $a510 LNM 1932$b36735/CBS$c510$d00217346 959 $aBK 969 $aSCI 979 $aCBAS$b10$c20080606$lUSA01$h1119 979 $aANGELA$b90$c20080930$lUSA01$h0953 996 $aNonlinear andoptimal control theory$91020433 997 $aUNISA LEADER 01071nam a22002651i 4500 001 991000428759707536 005 20040829162002.0 008 040920s1994 it ita 020 $a8820481359 035 $ab13219455-39ule_inst 035 $aARCHE-116568$9ExL 040 $aSet. Economia$bita$cA.t.i. Arché s.c.r.l. Pandora Sicilia s.r.l. 082 04$a332.7 100 1 $aEsposito, Gaetano Fausto$089513 245 10$aSistema finanziario e informazione asimmetrica :$bun'analisi sulla specializzazione degli intermediari creditizi /$cGaetano Fausto Esposito 260 $aMilano :$bAngeli,$cc1994 300 $a175 p. ;$c22 cm 650 4$aCredito bancario 650 4$aIntermediari finanziari 907 $a.b13219455$b06-05-19$c23-09-04 912 $a991000428759707536 945 $aLE025 ECO 332.7 ESP01.01$g1$i2025000156821$lle025$nCatalogato 2019$o-$pE0.00$q-$rl$s- $t0$u3$v2$w3$x0$y.i13875656$z23-09-04 996 $aSistema finanziario e informazione asimmetrica$9453570 997 $aUNISALENTO 998 $ale025$b23-09-04$cm$da $e-$fita$git $h0$i1 LEADER 01115cam0 22003011 450 001 SOBE00064366 005 20231110113841.0 010 $a9788836640683 100 $a20200907d2018 |||||ita|0103 ba 101 $aita$aeng 102 $aIT 105 $a S 200 1 $a<>sorpasso$equando l'Italia si mise a correre$e1946-1961$fa cura di Enrico Menduni e Gabriele D'Autilia 210 $aCinisello Balsamo$cSilvana$aRoma$cIstituto Luce Cinecittà$d2018 215 $a207 p.$cill.$d25 cm 300 $aCatalogo della mostra tenuta a Roma, Palazzo Braschi, 12 ottobre 2018-3 febbraio 2019 300 $aTesto in italiano e inglese 702 1$aMenduni, Enrico$3A600200036905$4070 702 1$aD'Autilia, Gabriele$3A600200053097$4070 801 0$aIT$bUNISOB$c20231110$gRICA 850 $aUNISOB 852 $aUNISOB$j700$m172871 912 $aSOBE00064366 940 $aM 102 Monografia moderna SBN 941 $aM 957 $a700$b005235$gSI$d172871$n20200907$racquisto$tV$1menle$2UNISOB$3UNISOB$420200907103736.0$520231110113841.0$6Spinosa 996 $aSorpasso$91057785 997 $aUNISOB